000 00718nam a2200289Ia 4500
005 20260324140536.0
008 008 260324s9999 xx 000 0 eng d
020 _a9780203047545
037 _aEBOOK
040 _aCRL
040 _beng
040 _cCRL
041 _2eng
041 _aeng
084 _qCRL
100 _aHarold G Koenig; Daniel L Langford
_91204792
245 4 _aThe Pastor's Family
245 4 _bThe Challenges of Family Life and Pastoral Responsibilities
260 _bTaylor and Francis
260 _c1998
365 _a
365 _b230
856 _uhttp://www.taylorfrancis.com/books/9780203047545
942 _cEBOOK
999 _c1806977
_d1806977